000 00341nam a22001217a 4500
008 230620b xxu||||| |||| 00| 0 eng d
082 _a323
_bEAHRI 2003
245 _aThe East African Journal of Human Rights and Democracy
260 _aKenya
_bThe East African Human Rights Institute
_c2003
300 _a114p
440 _n1
942 _2ddc
_cBK
999 _c1791
_d1791